[Event "7th American Continental (w)"]
[Site "Buenos Aires ARG"]
[Date "2014.03.25"]
[Round "5.3"]
[White "Aliaga Fernandez, Ingrid"]
[Black "Martinez, Ayelen"]
[Result "1-0"]
[WhiteElo "2185"]
[BlackElo "2109"]
[EventDate "2014.03.21"]
[PlyCount "84"]

1.e4 c5 2.Nf3 e6 3.c4 Nc6 4.Nc3 Nge7 5.d4 Nxd4 6.Nxd4 cxd4 7.Qxd4 Nc6 8.
Qd3 Bc5 9.Be2 O-O 10.O-O d6 11.a3 a5 12.Be3 b6 13.Rad1 Ba6 14.f4 Bxc4 15.
Qxc4 Bxe3+ 16.Kh1 Bc5 17.Nb5 Qf6 18.b3 Ne7 19.Nxd6 Bxa3 20.e5 Qh6 21.Bf3 
Rad8 22.Be4 g6 23.Qc7 Bxd6 24.exd6 Nc8 25.d7 Ne7 26.Qxb6 Qh5 27.Qd6 Nf5 
28.Bxf5 Qxf5 29.Rf3 Qb5 30.Rfd3 a4 31.bxa4 Qxa4 32.Rd4 Qc2 33.Qe7 Qb3 34.
h3 Qc3 35.Kh2 Qc2 36.R1d3 Qe2 37.Qf6 Qb2 38.Qe5 Qb6 39.h4 Ra8 40.Qe4 Ra5 
41.Qe1 Raa8 42.Rd6 Qd8 1-0

[Event "7th American Continental (w)"]
[Site "Buenos Aires ARG"]
[Date "2014.03.25"]
[Round "5.4"]
[White "Paredes Bustamante, Paula"]
[Black "Cori Tello, Deysi"]
[Result "1/2-1/2"]
[WhiteElo "2018"]
[BlackElo "2428"]
[EventDate "2014.03.21"]
[PlyCount "56"]

1.e4 e6 2.d4 d5 3.e5 c5 4.c3 Nc6 5.Nf3 Bd7 6.a3 b5 7.Bd3 c4 8.Bc2 a6 9.Be3
Qc7 10.Nbd2 a5 11.O-O Nge7 12.Ne1 g6 13.Qe2 Nc8 14.f4 Nb6 15.g4 Rg8 16.Kh1
Ne7 17.Ng2 O-O-O 18.Bf2 Qc6 19.Bg3 Rh8 20.Kg1 h5 21.h3 Bg7 22.Nf3 Rdf8 23.
Ne3 Kb7 24.Kg2 Ka7 25.Rae1 Re8 26.Ng5 Ref8 27.Nf3 Re8 28.Ng5 Ref8 1/2-1/2

[Event "7th American Continental (w)"]
[Site "Buenos Aires ARG"]
[Date "2014.03.25"]
[Round "5.5"]
[White "Abarca Gonzalez, Damaris"]
[Black "Arribas Robaina, Maritza"]
[Result "0-1"]
[WhiteElo "2023"]
[BlackElo "2313"]
[EventDate "2014.03.21"]
[PlyCount "82"]

1.c4 e5 2.g3 Nf6 3.Bg2 Bc5 4.Nc3 O-O 5.e3 Nc6 6.Nge2 Re8 7.d3 a6 8.a3 d6 
9.O-O Ba7 10.b4 Ne7 11.Nd5 Ng6 12.Bb2 c6 13.Nxf6+ Qxf6 14.Nc3 Bd7 15.Qc2 
Qe7 16.a4 f5 17.Rfc1 Qf8 18.b5 f4 19.Qe2 Bc5 20.Ne4 Bb4 21.Bc3 Bxc3 22.
Nxc3 Ne7 23.exf4 exf4 24.Be4 axb5 25.axb5 Rxa1 26.Rxa1 Qf6 27.Rc1 Nf5 28.
Qg4 fxg3 29.hxg3 Re7 30.Qf3 Qg5 31.Ra1 Nd4 32.Qe3 Qf6 33.Ra8+ Kf7 34.bxc6 
bxc6 35.Ne2 Nxe2+ 36.Qxe2 g6 37.Qa2 Kg7 38.Ra6 c5 39.Qa5 Rf7 40.Qd2 Qe5 
41.Ra8 Bg4 0-1

[Event "7th American Continental (w)"]
[Site "Buenos Aires ARG"]
[Date "2014.03.25"]
[Round "5.6"]
[White "Sanchez Castillo, Sarai"]
[Black "Guzman, Paola"]
[Result "0-1"]
[WhiteElo "2226"]
[BlackElo "1902"]
[EventDate "2014.03.21"]
[PlyCount "76"]

1.e4 e6 2.d4 d5 3.Nc3 Nf6 4.Bg5 Bb4 5.e5 h6 6.Bd2 Bxc3 7.bxc3 Ne4 8.Qg4 
Kf8 9.f4 c5 10.Nf3 Qa5 11.Bd3 Nxd2 12.Kxd2 Nc6 13.f5 cxd4 14.Nxd4 Nxe5 15.
Qf4 Nxd3 16.cxd3 exf5 17.Qd6+ Kg8 18.Rhb1 Kh7 19.Rb5 Qd8 20.Qxd5 Qxd5 21.
Rxd5 Re8 22.Nxf5 Be6 23.Ne3 Bxd5 24.Nxd5 Re5 25.Ne3 Rae8 26.Re1 f5 27.d4 
Re4 28.Nc2 Rxe1 29.Nxe1 g5 30.Nd3 Kg7 31.a4 f4 32.a5 Kf6 33.Nc5 g4 34.c4 
f3 35.gxf3 gxf3 36.Nd3 Re2+ 37.Kd1 Re4 38.Nf2 Rxd4+ 0-1

[Event "7th American Continental (w)"]
[Site "Buenos Aires ARG"]
[Date "2014.03.25"]
[Round "5.7"]
[White "Carraro, Denise"]
[Black "Zuriel, Marisa"]
[Result "0-1"]
[WhiteElo "2082"]
[BlackElo "2225"]
[EventDate "2014.03.21"]
[PlyCount "106"]

1.e4 d6 2.d4 Nf6 3.Nc3 e5 4.Nf3 Nbd7 5.Bc4 Be7 6.O-O O-O 7.b3 c6 8.a4 b6 
9.d5 cxd5 10.Bxd5 Rb8 11.Re1 a6 12.Ba3 Qc7 13.Qd2 Nc5 14.Rad1 b5 15.axb5 
axb5 16.b4 Ne6 17.g3 Qb6 18.Bb2 Nc7 19.Bb3 Be6 20.Nh4 g6 21.Kg2 Nh5 22.Nf3
Rbc8 23.Qe3 Qxe3 24.Rxe3 Nf6 25.Ra1 Ra8 26.Ree1 Nd7 27.Red1 Nb6 28.Rxa8 
Rxa8 29.Ra1 Rxa1 30.Bxa1 Bxb3 31.cxb3 f6 32.g4 h6 33.h4 Kf7 34.Kg3 Ke6 35.
Bb2 d5 36.exd5+ Nbxd5 37.Nxd5 Nxd5 38.g5 hxg5 39.hxg5 Nxb4 40.gxf6 Bxf6 
41.Bc1 Kd5 42.Be3 Nc2 43.Bd2 Na1 44.b4 Nc2 45.Nh4 Bxh4+ 46.Kxh4 Kc4 47.Kg5
Nxb4 48.Kxg6 Nd3 49.Kf5 Kd4 50.Be3+ Kd5 51.Kg5 b4 52.Bd2 b3 53.Bc3 Nxf2 
0-1

[Event "7th American Continental (w)"]
[Site "Buenos Aires ARG"]
[Date "2014.03.25"]
[Round "5.8"]
[White "Jorquera Cabello, Valentina"]
[Black "Vargas Talavera, Gabriela"]
[Result "1-0"]
[WhiteElo "2027"]
[BlackElo "2143"]
[EventDate "2014.03.21"]
[PlyCount "55"]

1.e4 e6 2.d4 d5 3.Nc3 Nf6 4.e5 Nfd7 5.Nce2 c5 6.f4 Nc6 7.c3 Qb6 8.Nf3 f6 
9.a3 cxd4 10.cxd4 a5 11.b3 Be7 12.h4 Nd8 13.Rh3 Nf7 14.Nc3 f5 15.Bd3 Nh6 
16.Bd2 Nb8 17.Na4 Qd8 18.Ng5 Ng4 19.Bb5+ Kf8 20.Rc1 Bxg5 21.hxg5 Bd7 22.
Nc5 Qe7 23.Nxd7+ Nxd7 24.Rc7 Rd8 25.Rxb7 Rb8 26.Rxd7 Qxa3 27.Ba4 Qb2 28.
Rc3 1-0

[Event "7th American Continental (w)"]
[Site "Buenos Aires ARG"]
[Date "2014.03.25"]
[Round "5.9"]
[White "Zepeda Cortez, Lorena"]
[Black "Martyniuk, Carolina"]
[Result "1-0"]
[WhiteElo "2196"]
[BlackElo "1959"]
[EventDate "2014.03.21"]
[PlyCount "79"]

1.e4 g6 2.d4 Bg7 3.Nc3 d6 4.Bg5 c5 5.dxc5 Qa5 6.Qd2 Qxc5 7.Nd5 Bd7 8.Be3 
Qc8 9.Bd4 e5 10.Be3 f5 11.exf5 gxf5 12.Be2 h5 13.Qd1 Qc6 14.Bxh5+ Kf8 15.
Nb4 Qc7 16.f4 Nf6 17.Bf3 e4 18.Be2 Nc6 19.Nxc6 bxc6 20.Nh3 Rb8 21.Bd4 c5 
22.Bc3 Be6 23.Ng5 Bg8 24.Qd2 Qc6 25.O-O d5 26.Be5 Rd8 27.b4 Ng4 28.Bxg4 
fxg4 29.Nxe4 Bf7 30.Bxg7+ Kxg7 31.Nxc5 Qh6 32.g3 d4 33.Qe2 Rd6 34.f5 Qh5 
35.Ne6+ Bxe6 36.fxe6 Rxe6 37.Qf2 Qd5 38.Qf7+ Kh6 39.Rf6+ Rxf6 40.Qxd5 1-0

[Event "7th American Continental (w)"]
[Site "Buenos Aires ARG"]
[Date "2014.03.25"]
[Round "5.10"]
[White "Sanchez Zambrano, Vanessa"]
[Black "Flores, Nancy"]
[Result "1-0"]
[WhiteElo "1913"]
[BlackElo "1983"]
[EventDate "2014.03.21"]
[PlyCount "104"]

1.d4 Nf6 2.c4 g6 3.Nc3 d5 4.cxd5 Nxd5 5.e4 Nxc3 6.bxc3 Bg7 7.Ba3 O-O 8.Nf3
Nd7 9.Qb3 c5 10.Rd1 Qa5 11.Be2 Nf6 12.Bxc5 Nxe4 13.Bb4 Qc7 14.c4 a5 15.Ba3
b5 16.O-O Be6 17.Qe3 Nd6 18.d5 Bg4 19.cxb5 Nf5 20.Qe4 Bxf3 21.Bxf3 Rab8 
22.Be2 Bf6 23.Rc1 Qb7 24.Bc5 Rfd8 25.Rfd1 e6 26.Qf4 g5 27.Qe4 Rxd5 28.Rxd5
Qxd5 29.Qxd5 exd5 30.a4 Re8 31.Bf3 Bd4 32.Ba3 Re5 33.g3 Kg7 34.Kf1 Kg6 35.
Rc6+ f6 36.b6 Ne7 37.Bxe7 Rxe7 38.Rc7 Re6 39.b7 Ba7 40.Bxd5 Rb6 41.g4 Rb1+
42.Kg2 Rb4 43.Bf7+ Kh6 44.h3 Rb2 45.Bg8 Rxf2+ 46.Kh1 Rf1+ 47.Kg2 Rf2+ 48.
Kg3 Bb8 49.Kxf2 Bxc7 50.Be6 Kg7 51.Ke3 Kf8 52.Kd4 Ke7 1-0

[Event "7th American Continental (w)"]
[Site "Buenos Aires ARG"]
[Date "2014.03.25"]
[Round "5.11"]
[White "Meza, Anahi"]
[Black "Feliciano Ebert, Vanessa"]
[Result "0-1"]
[WhiteElo "2078"]
[BlackElo "2244"]
[EventDate "2014.03.21"]
[PlyCount "96"]

1.d4 Nf6 2.c4 e6 3.Nc3 Bb4 4.Qc2 O-O 5.a3 Bxc3+ 6.Qxc3 d5 7.Nf3 dxc4 8.
Qxc4 b6 9.g3 Ba6 10.Qc2 Nbd7 11.Bg2 c5 12.O-O Rc8 13.Qd1 Qe7 14.Re1 Bb7 
15.Bg5 Rfd8 16.Qa4 a6 17.Ne5 b5 18.Qa5 Bxg2 19.Nxd7 Qxd7 20.Bxf6 gxf6 21.
Kxg2 Qc6+ 22.Kg1 cxd4 23.Qd2 e5 24.Rac1 Qd5 25.Qh6 Qe6 26.Qh4 Rc4 27.Qh6 
Rdc8 28.Rcd1 Rc2 29.e3 Qf5 30.Rf1 d3 31.e4 Qf3 32.Qh3 Qxe4 33.Rde1 Qg6 34.
Qd7 e4 35.Qd5 f5 36.b3 Qe6 37.Qd4 Qxb3 38.Qe3 f6 39.Qd4 Qf7 40.g4 Qg6 41.
Kh1 Kh8 42.gxf5 Qxf5 43.Re3 Rxf2 44.Rg1 Rf1 45.Rg3 Rxg1+ 46.Qxg1 d2 47.h3 
e3 48.Rxe3 Qd5+ 0-1

[Event "7th American Continental (w)"]
[Site "Buenos Aires ARG"]
[Date "2014.03.25"]
[Round "5.12"]
[White "Besso, Guadalupe"]
[Black "Zarate Oyague, Flor de Maria"]
[Result "0-1"]
[WhiteElo "1882"]
[BlackElo "1863"]
[EventDate "2014.03.21"]
[PlyCount "90"]

1.d4 Nf6 2.c4 g6 3.Nc3 Bg7 4.e4 d6 5.f4 O-O 6.Nf3 Na6 7.Be2 Nd7 8.O-O e5 
9.fxe5 dxe5 10.d5 c6 11.Be3 f5 12.Ng5 Bh6 13.h4 Ndc5 14.b4 Nxe4 15.Ncxe4 
fxe4 16.Qb3 Bxg5 17.Bxg5 Qb6+ 18.Be3 Rxf1+ 19.Rxf1 Qxb4 20.Qxb4 Nxb4 21.
Bc5 Nd3 22.Rf8+ Kg7 23.Be7 Nf4 24.d6 Nxe2+ 25.Kf2 Nd4 26.d7 Bxd7 27.Rxa8 
e3+ 28.Kg1 Nc2 29.Rxa7 e2 30.Bb4 Nxb4 31.Kf2 e1=Q+ 32.Kxe1 Nd3+ 33.Kd2 Nc5
34.a4 Kf6 35.a5 Bc8 36.Ra8 Be6 37.Kc3 Kf5 38.Rb8 e4 39.Rf8+ Ke5 40.Rb8 Kf4
41.Rh8 e3 42.Rxh7 e2 43.Kd2 Bxc4 44.Rg7 Nb3+ 45.Ke1 Nd4 0-1

[Event "7th American Continental (w)"]
[Site "Buenos Aires ARG"]
[Date "2014.03.26"]
[Round "6.1"]
[White "Arribas Robaina, Maritza"]
[Black "Lujan, Carolina"]
[Result "1/2-1/2"]
[WhiteElo "2313"]
[BlackElo "2375"]
[EventDate "2014.03.21"]
[PlyCount "42"]

1.e4 c5 2.Nf3 e6 3.Nc3 a6 4.d4 cxd4 5.Nxd4 Qc7 6.Bd3 Nc6 7.Nxc6 dxc6 8.O-O
e5 9.Be3 b5 10.a4 b4 11.Nb1 Nf6 12.f3 Qa5 13.Nd2 Bc5 14.Qe2 Qb6 15.Bf2 O-O
16.Nc4 Bxf2+ 17.Qxf2 Qc7 18.Qb6 Qxb6+ 19.Nxb6 Ra7 20.Nxc8 Rxc8 21.a5 Nd7 
1/2-1/2

[Event "7th American Continental (w)"]
[Site "Buenos Aires ARG"]
[Date "2014.03.26"]
[Round "6.2"]
[White "Chumpitaz Carbajal, Ann"]
[Black "Guzman, Paola"]
[Result "1-0"]
[WhiteElo "2189"]
[BlackElo "1902"]
[EventDate "2014.03.21"]
[PlyCount "61"]

1.d4 d5 2.Nf3 c6 3.c4 e6 4.Nc3 dxc4 5.a4 Bb4 6.e3 b5 7.Bd2 a5 8.axb5 Bxc3 
9.Bxc3 cxb5 10.b3 Bb7 11.bxc4 b4 12.Bb2 Nf6 13.Bd3 Nbd7 14.O-O Qc7 15.Re1 
O-O 16.e4 e5 17.Nxe5 Nxe5 18.dxe5 Nd7 19.Qh5 a4 20.Re3 a3 21.Rh3 h6 22.Bd4
Qc6 23.Rg3 Ra5 24.Rxg7+ Kxg7 25.e6+ Nf6 26.Qxa5 Qd6 27.Bc5 Ra8 28.Qxa8 
Qxc5 29.Qxb7 Qd4 30.Qxf7+ Kh8 31.Re1 1-0

[Event "7th American Continental (w)"]
[Site "Buenos Aires ARG"]
[Date "2014.03.26"]
[Round "6.3"]
[White "Aliaga Fernandez, Ingrid"]
[Black "Amura, Claudia"]
[Result "0-1"]
[WhiteElo "2185"]
[BlackElo "2305"]
[EventDate "2014.03.21"]
[PlyCount "161"]

1.e4 c5 2.Nf3 Nc6 3.d4 cxd4 4.Nxd4 e5 5.Nb5 a6 6.Nd6+ Bxd6 7.Qxd6 Qf6 8.
Qxf6 Nxf6 9.Nc3 Nb4 10.Bd3 d6 11.a3 Nxd3+ 12.cxd3 Be6 13.f4 Nd7 14.f5 Bb3 
15.Be3 Rc8 16.Ke2 b5 17.Rac1 Ke7 18.g4 Nc5 19.g5 g6 20.f6+ Kd7 21.Bxc5 
Rxc5 22.Ke3 Rhc8 23.h4 a5 24.Ra1 b4 25.axb4 axb4 26.Ra7+ R8c7 27.Rxc7+ 
Kxc7 28.Nd5+ Bxd5 29.exd5 Rxd5 30.Ra1 Kb7 31.Rh1 Rd4 32.h5 Rg4 33.hxg6 
hxg6 34.Rh7 Rxg5 35.Rxf7+ Kc6 36.Ra7 Rf5 37.f7 g5 38.d4 exd4+ 39.Kxd4 g4 
40.Ke4 Rf1 41.b3 g3 42.f8=Q Rxf8 43.Rg7 d5+ 44.Ke3 Kc5 45.Rxg3 Rh8 46.Kd3 
Rh1 47.Rg8 Rh3+ 48.Kc2 Rc3+ 49.Kb2 Rh3 50.Kc2 Rh2+ 51.Kd3 Rb2 52.Rc8+ Kb5 
53.Rb8+ Kc5 54.Rc8+ Kd6 55.Rd8+ Ke6 56.Rc8 Kd7 57.Rb8 Rxb3+ 58.Kd4 Kc6 59.
Rc8+ Kb7 60.Rc5 Kb6 61.Rxd5 Rc3 62.Rh5 Rc1 63.Rg5 Ka6 64.Rg8 Kb5 65.Kd3 
Ka4 66.Kd2 Rc7 67.Kd1 Ka3 68.Ra8+ Kb2 69.Rd8 b3 70.Kd2 Rc2+ 71.Kd1 Kb1 72.
Rb8 b2 73.Rd8 Rc4 74.Kd2 Ka1 75.Ra8+ Kb1 76.Rb8 Rc7 77.Rd8 Rc2+ 78.Kd1 Rc3
79.Kd2 Ra3 80.Rb8 Ka1 81.Kc2 0-1

[Event "7th American Continental (w)"]
[Site "Buenos Aires ARG"]
[Date "2014.03.26"]
[Round "6.4"]
[White "Cori Tello, Deysi"]
[Black "Jorquera Cabello, Valentina"]
[Result "1-0"]
[WhiteElo "2428"]
[BlackElo "2027"]
[EventDate "2014.03.21"]
[PlyCount "67"]

1.d4 Nf6 2.Nf3 g6 3.c4 Bg7 4.Nc3 O-O 5.Bg5 h6 6.Bxf6 Bxf6 7.Qd2 Bg7 8.h4 
d6 9.h5 e5 10.hxg6 fxg6 11.e3 Bf5 12.O-O-O Nc6 13.d5 Nb4 14.Nh4 e4 15.Nxf5
gxf5 16.Kb1 a5 17.Be2 Qf6 18.g3 Rad8 19.Nb5 c6 20.Nd4 Rc8 21.Rc1 Rfe8 22.
a3 Na6 23.Ne6 Rxe6 24.dxe6 Qxe6 25.Rhd1 Be5 26.c5 d5 27.g4 fxg4 28.Bxg4 
Qxg4 29.Rg1 Qxg1 30.Rxg1+ Kf7 31.Qe2 Ke7 32.Qh5 Bf6 33.Qxh6 Rh8 34.Rg7+ 
1-0

[Event "7th American Continental (w)"]
[Site "Buenos Aires ARG"]
[Date "2014.03.26"]
[Round "6.5"]
[White "Zuriel, Marisa"]
[Black "Paredes Bustamante, Paula"]
[Result "1-0"]
[WhiteElo "2225"]
[BlackElo "2018"]
[EventDate "2014.03.21"]
[PlyCount "91"]

1.e4 c5 2.Nf3 e6 3.d4 cxd4 4.Nxd4 a6 5.Bd3 Qc7 6.O-O Nf6 7.Qe2 d6 8.c4 Be7
9.Nc3 O-O 10.Kh1 Nbd7 11.f4 b6 12.Bd2 Bb7 13.Rae1 Ne8 14.Rf3 Bh4 15.Ref1 
Bf6 16.e5 Bxf3 17.Rxf3 g6 18.exf6 Nexf6 19.Rf1 Rfe8 20.Nf3 Rac8 21.b3 d5 
22.Ne5 Nc5 23.Bb1 dxc4 24.Nxc4 b5 25.Ne5 b4 26.Nd1 a5 27.Nf2 Nd5 28.Rc1 
Red8 29.h3 Qb7 30.Nfg4 Kg7 31.Qf2 Qe7 32.Nc4 h5 33.Nge3 Nf6 34.Qf3 Nxb3 
35.axb3 Rxd2 36.Re1 Rdd8 37.Nxa5 Qc7 38.Nac4 Rd4 39.Rf1 h4 40.Nc2 Rdd8 41.
Nxb4 Nh5 42.Kg1 Ng3 43.Re1 Qb8 44.Nc6 Rxc6 45.Qxc6 Qxf4 46.Qf3 1-0

[Event "7th American Continental (w)"]
[Site "Buenos Aires ARG"]
[Date "2014.03.26"]
[Round "6.6"]
[White "Martinez, Ayelen"]
[Black "Gomez Camacho, Micaela"]
[Result "1-0"]
[WhiteElo "2109"]
[BlackElo "1938"]
[EventDate "2014.03.21"]
[PlyCount "99"]

1.e4 c5 2.Nf3 d6 3.d4 cxd4 4.Nxd4 Nf6 5.Nc3 a6 6.h3 e5 7.Nde2 h5 8.g3 Be6 
9.Bg2 Nbd7 10.Bg5 Be7 11.Qd2 Rc8 12.b3 b5 13.f4 b4 14.Nd1 Nc5 15.Bxf6 Bxf6
16.f5 Bd7 17.Qxd6 Bb5 18.Qxd8+ Rxd8 19.Ne3 Bxe2 20.Kxe2 Rd4 21.Rad1 Nxe4 
22.Bxe4 Rxe4 23.Kf3 Rd4 24.Rxd4 exd4 25.Nd5 Be5 26.Nxb4 Kd7 27.Re1 Bd6 28.
Nd5 Kc6 29.Nf4 h4 30.g4 Kc5 31.Re4 Rd8 32.g5 Bxf4 33.Kxf4 Kb4 34.Re7 Kc3 
35.Rc7+ Kd2 36.Rc4 g6 37.fxg6 fxg6 38.Kg4 Ke3 39.Rc6 Rf8 40.Rxg6 Rc8 41.
Re6+ Kd2 42.Rd6 Ke3 43.Rxa6 Rxc2 44.Kxh4 Rg2 45.Kh5 Kf4 46.h4 Rg4 47.Rc6 
Kg3 48.g6 Rxh4+ 49.Kg5 Rg4+ 50.Kf6 1-0

[Event "7th American Continental (w)"]
[Site "Buenos Aires ARG"]
[Date "2014.03.26"]
[Round "6.7"]
[White "Sanchez Zambrano, Vanessa"]
[Black "Zepeda Cortez, Lorena"]
[Result "1-0"]
[WhiteElo "1913"]
[BlackElo "2196"]
[EventDate "2014.03.21"]
[PlyCount "89"]

1.d4 Nf6 2.c4 c5 3.d5 b5 4.Qc2 d6 5.e4 bxc4 6.Bxc4 g6 7.Nf3 Bg7 8.O-O O-O 
9.h3 Na6 10.Nc3 Rb8 11.Be3 Nd7 12.Rab1 Nb6 13.Bb5 Nb4 14.Qd2 a6 15.Be2 a5 
16.a3 Na6 17.Bh6 a4 18.Bxg7 Kxg7 19.b4 axb3 20.Rxb3 Nd7 21.Nb5 Nf6 22.Qb2 
Kg8 23.Nd2 Ra8 24.f4 Bd7 25.Bc4 h6 26.Nc3 Nc7 27.e5 Nh5 28.Nce4 Ba4 29.Rb6
dxe5 30.d6 Ne6 31.dxe7 Qxe7 32.Qxe5 Nhg7 33.Nf6+ Kh8 34.f5 Qc7 35.Rd6 Rad8
36.Nde4 Ng5 37.Rxd8 Qxd8 38.fxg6 Nxe4 39.Nxe4 fxg6 40.Nd6 Rxf1+ 41.Kxf1 
Qf8+ 42.Nf7+ Kg8 43.Qf4 Nf5 44.g4 Ne7 45.Ng5+ 1-0

[Event "7th American Continental (w)"]
[Site "Buenos Aires ARG"]
[Date "2014.03.26"]
[Round "6.8"]
[White "Nejanky, Maisa"]
[Black "Abarca Gonzalez, Damaris"]
[Result "1-0"]
[WhiteElo "2024"]
[BlackElo "2023"]
[EventDate "2014.03.21"]
[PlyCount "125"]

1.e4 c5 2.Nf3 e6 3.Nc3 a6 4.a4 b6 5.d4 cxd4 6.Nxd4 Qc7 7.Bd3 Bb7 8.O-O Nf6
9.Qe2 d6 10.f4 Nbd7 11.g4 g6 12.g5 Nh5 13.f5 exf5 14.exf5+ Ne5 15.Be4 Be7 
16.f6 Bd8 17.Ndb5 axb5 18.Nxb5 Qd7 19.Bxb7 Rb8 20.Bd5 O-O 21.Bd2 Re8 22.
Qg2 Rc8 23.Bb4 Be7 24.Rae1 Bf8 25.b3 Nc6 26.Ba3 Rxe1 27.Rxe1 Nf4 28.Bxc6 
Rxc6 29.Re7 Qc8 30.Qe4 Qg4+ 31.Kf2 Nh3+ 32.Ke1 Qg1+ 33.Ke2 Qxh2+ 34.Ke1 
Qg3+ 35.Kd1 Qg1+ 36.Ke2 Qf2+ 37.Kd1 Qg1+ 38.Qe1 Nf2+ 39.Kd2 Qxg5+ 40.Qe3 
Qxe3+ 41.Kxe3 Ng4+ 42.Kd4 Nxf6 43.Rb7 Rc8 44.c4 h5 45.Bc1 Re8 46.Rxb6 Ng4 
47.Nxd6 Bxd6 48.Rxd6 h4 49.c5 h3 50.Bf4 g5 51.Bg3 Ne3 52.Kc3 Nf5 53.Rd3 g4
54.Bf4 Kf8 55.c6 Rc8 56.c7 Ke7 57.Rd8 Rxc7+ 58.Bxc7 g3 59.Rh8 g2 60.Bb6 
Nd6 61.Rxh3 f5 62.Rh2 Ne4+ 63.Kc2 1-0

[Event "7th American Continental (w)"]
[Site "Buenos Aires ARG"]
[Date "2014.03.26"]
[Round "6.9"]
[White "Feliciano Ebert, Vanessa"]
[Black "Sanchez Castillo, Sarai"]
[Result "1-0"]
[WhiteElo "2244"]
[BlackElo "2226"]
[EventDate "2014.03.21"]
[PlyCount "55"]

1.e4 e6 2.d3 d5 3.Qe2 c5 4.Nf3 Nc6 5.g3 Nge7 6.Bg2 b6 7.O-O d4 8.a4 e5 9.
Nh4 g6 10.Na3 Bg7 11.f4 O-O 12.Nc4 f6 13.fxe5 Nxe5 14.Nxe5 fxe5 15.Bg5 Be6
16.Rxf8+ Qxf8 17.Rf1 Qe8 18.b3 Nc6 19.Nf5 gxf5 20.exf5 Bf7 21.f6 Bf8 22.
Qg4 Kh8 23.Be4 Rb8 24.Qh3 Bg6 25.f7 Qc8 26.Bf6+ Bg7 27.Bxg7+ Kxg7 28.f8=Q+
1-0

[Event "7th American Continental (w)"]
[Site "Buenos Aires ARG"]
[Date "2014.03.26"]
[Round "6.10"]
[White "Vargas Talavera, Gabriela"]
[Black "Carraro, Denise"]
[Result "1/2-1/2"]
[WhiteElo "2143"]
[BlackElo "2082"]
[EventDate "2014.03.21"]
[PlyCount "66"]

1.d4 g6 2.Nf3 Bg7 3.c3 d6 4.Bg5 Nd7 5.e4 h6 6.Bh4 c6 7.Nbd2 Qc7 8.Be2 Ngf6
9.O-O O-O 10.Qc2 e5 11.dxe5 dxe5 12.b4 Nh5 13.Rfd1 Nf4 14.Bf1 g5 15.Bg3 
Nb6 16.a4 Be6 17.a5 Nd7 18.Bc4 b5 19.axb6 axb6 20.Bxe6 Nxe6 21.Rxa8 Rxa8 
22.Nc4 Nf4 23.h3 Bf8 24.Kh2 b5 25.Rxd7 Qxd7 26.Nb6 Qa7 27.Nxa8 Qxa8 28.
Nxe5 Bg7 29.Bxf4 gxf4 30.Nf3 Qa3 31.e5 c5 32.bxc5 Qxc5 33.Qe2 Qd5 1/2-1/2

[Event "7th American Continental (w)"]
[Site "Buenos Aires ARG"]
[Date "2014.03.26"]
[Round "6.11"]
[White "Zarate Oyague, Flor de Maria"]
[Black "Flores, Nancy"]
[Result "1-0"]
[WhiteElo "1863"]
[BlackElo "1983"]
[EventDate "2014.03.21"]
[PlyCount "123"]

1.d4 Nf6 2.c4 g6 3.Nc3 d5 4.cxd5 Nxd5 5.e4 Nxc3 6.bxc3 Bg7 7.Bg5 c5 8.Rc1 
O-O 9.d5 Qd6 10.Nf3 f5 11.exf5 Rxf5 12.Bd3 Rf7 13.Qa4 Bd7 14.Qb3 Bg4 15.
Qxb7 Bxf3 16.gxf3 Rxf3 17.Ke2 Rf8 18.Qxa8 Qd7 19.Rhg1 Qh3 20.Be3 Qh5+ 21.
Kd2 Qxh2 22.Rh1 Qc7 23.d6 Qxd6 24.Qe4 Nd7 25.Ke2 Ne5 26.Rcd1 Qe6 27.Bxc5 
Qxa2+ 28.Rd2 Qb3 29.Bd4 Nxd3 30.Qxd3 Qe6+ 31.Qe3 Qg4+ 32.Kf1 Rb8 33.Qg3 
Qc8 34.Bxg7 Kxg7 35.Qe5+ Kg8 36.Kg2 Rb7 37.Rdd1 Qg4+ 38.Qg3 Qf5 39.Qf3 
Qxf3+ 40.Kxf3 Rb3 41.Rd8+ Kf7 42.Rc8 a5 43.Ra1 Rb5 44.c4 Rf5+ 45.Kg2 Ke6 
46.Ra8 Rg5+ 47.Kf1 Rg4 48.Ra4 h5 49.R8xa5 Rd4 50.Ra6+ Kf5 51.c5 Rd1+ 52.
Ke2 Rc1 53.c6 e5 54.Rb4 g5 55.Rb2 h4 56.Kd2 h3 57.Rc2 Rd1+ 58.Kc3 h2 59.c7
h1=Q 60.c8=Q+ Kf4 61.Rf6+ Ke4 62.Re2+ 1-0

[Event "7th American Continental (w)"]
[Site "Buenos Aires ARG"]
[Date "2014.03.26"]
[Round "6.12"]
[White "Martyniuk, Carolina"]
[Black "Besso, Guadalupe"]
[Result "1-0"]
[WhiteElo "1959"]
[BlackElo "1882"]
[EventDate "2014.03.21"]
[PlyCount "59"]

1.e4 c5 2.Nc3 Nc6 3.g3 g6 4.Bg2 Bg7 5.d3 e6 6.Be3 d6 7.Qd2 Nd4 8.Rb1 Ne7 
9.Nce2 O-O 10.c3 Nxe2 11.Nxe2 Qa5 12.b4 Qc7 13.O-O b6 14.d4 Rd8 15.e5 Rb8 
16.exd6 Qxd6 17.Qb2 cxd4 18.cxd4 Nd5 19.Bg5 f6 20.Bd2 Bb7 21.Rfe1 f5 22.
Nf4 Nc7 23.Bxb7 Rxb7 24.Qb3 Bxd4 25.Rbd1 Kh8 26.Nxe6 Nxe6 27.Rxe6 Qd5 28.
Re8+ Kg7 29.Rxd8 Qxd8 30.Bc3 1-0

[Event "7th American Continental (w)"]
[Site "Buenos Aires ARG"]
[Date "2014.03.27"]
[Round "7.1"]
[White "Lujan, Carolina"]
[Black "Amura, Claudia"]
[Result "1/2-1/2"]
[WhiteElo "2375"]
[BlackElo "2305"]
[EventDate "2014.03.21"]
[PlyCount "102"]

1.e4 c5 2.Nf3 Nc6 3.Bc4 g6 4.c3 Bg7 5.d4 cxd4 6.cxd4 d6 7.Nc3 Nf6 8.d5 Na5
9.Be2 Bg4 10.Be3 Bxf3 11.gxf3 O-O 12.Rc1 Nd7 13.b4 Rc8 14.Nb1 Nc6 15.dxc6 
bxc6 16.h4 h5 17.Qd2 Kh7 18.f4 Rc7 19.Na3 Qb8 20.Kf1 Qb7 21.f3 Rb8 22.Rb1 
d5 23.e5 Nf8 24.Kf2 Ne6 25.f5 Nf8 26.fxg6+ fxg6 27.Bd4 Ne6 28.Rhg1 Bh6 29.
Be3 Bxe3+ 30.Qxe3 Rf8 31.Bd3 Nf4 32.Rg3 e6 33.Rbg1 Rg7 34.Nc2 Qe7 35.Rh1 
Rgf7 36.a3 a5 37.Ke1 axb4 38.axb4 c5 39.bxc5 Rc8 40.Kd2 Rxc5 41.Rhg1 d4 
42.Qe4 Rxc2+ 43.Bxc2 Qb4+ 44.Kd1 Ra7 45.Qxf4 Ra1+ 46.Ke2 Qc4+ 47.Bd3 Ra2+ 
48.Qd2 Rxd2+ 49.Kxd2 Qc3+ 50.Ke2 Qb2+ 51.Kf1 Qc1+ 1/2-1/2

[Event "7th American Continental (w)"]
[Site "Buenos Aires ARG"]
[Date "2014.03.27"]
[Round "7.2"]
[White "Cori Tello, Deysi"]
[Black "Chumpitaz Carbajal, Ann"]
[Result "1-0"]
[WhiteElo "2428"]
[BlackElo "2189"]
[EventDate "2014.03.21"]
[PlyCount "61"]

1.d4 g6 2.c4 Bg7 3.Nc3 Nf6 4.e4 d6 5.f3 O-O 6.Be3 c5 7.Nge2 cxd4 8.Nxd4 
Nc6 9.Qd2 Be6 10.Be2 Nxd4 11.Bxd4 Nd7 12.h4 Bxd4 13.Qxd4 Qb6 14.Qd2 Rfc8 
15.h5 gxh5 16.O-O-O Bxc4 17.Rxh5 Nf6 18.Rg5+ Kh8 19.Bxc4 Rxc4 20.e5 dxe5 
21.Rxe5 Qc7 22.Qe3 e6 23.Kb1 a6 24.Rh1 Rg8 25.g4 Rg7 26.g5 Nd7 27.Re4 Rc6 
28.Rd4 Nb6 29.Qd3 f5 30.gxf6 Rg6 31.Qxg6 1-0

[Event "7th American Continental (w)"]
[Site "Buenos Aires ARG"]
[Date "2014.03.27"]
[Round "7.3"]
[White "Martinez, Ayelen"]
[Black "Arribas Robaina, Maritza"]
[Result "0-1"]
[WhiteElo "2109"]
[BlackElo "2313"]
[EventDate "2014.03.21"]
[PlyCount "69"]

1.e4 e5 2.Nf3 d6 3.d4 exd4 4.Nxd4 Nf6 5.Nc3 Be7 6.g3 O-O 7.Bg2 a6 8.O-O 
Re8 9.h3 Bd7 10.Nf5 Bxf5 11.exf5 c6 12.g4 Nfd7 13.Bf4 Nb6 14.Qd3 d5 15.
Rfe1 N8d7 16.g5 Bf8 17.Qg3 Rc8 18.h4 Nc4 19.h5 Nc5 20.g6 Qd7 21.f6 Rxe1+ 
22.Rxe1 Re8 23.Rxe8 Qxe8 24.Nxd5 hxg6 25.hxg6 fxg6 26.Ne3 Nxe3 27.Bxe3 
gxf6 28.Qf4 Qe5 29.Qg4 Kf7 30.Bf1 Ne6 31.Bc4 b5 32.Bd3 f5 33.Qf3 Bc5 34.
Bxc5 Nxc5 35.Qg3 0-1

[Event "7th American Continental (w)"]
[Site "Buenos Aires ARG"]
[Date "2014.03.27"]
[Round "7.4"]
[White "Zuriel, Marisa"]
[Black "Aliaga Fernandez, Ingrid"]
[Result "1-0"]
[WhiteElo "2225"]
[BlackElo "2185"]
[EventDate "2014.03.21"]
[PlyCount "69"]

1.e4 c5 2.Nf3 d6 3.d4 cxd4 4.Nxd4 Nf6 5.Nc3 a6 6.h3 e6 7.g4 b5 8.Bg2 Bb7 
9.O-O Nfd7 10.Re1 Be7 11.a4 bxa4 12.Rxa4 O-O 13.Be3 Nb6 14.Ra1 Qc7 15.g5 
N8d7 16.h4 Rfe8 17.h5 Ne5 18.Na4 Nxa4 19.Rxa4 Bf8 20.Qe2 Rac8 21.b3 g6 22.
c4 gxh5 23.Qxh5 Nd3 24.Rea1 Nc5 25.Ra5 Bg7 26.b4 Nxe4 27.Rxa6 Bxa6 28.Bxe4
Bxc4 29.Qxh7+ Kf8 30.g6 fxg6 31.Bxg6 Ra8 32.Rc1 e5 33.Nf5 Bg8 34.Rxc7 Bxh7
35.Rf7+ 1-0

[Event "7th American Continental (w)"]
[Site "Buenos Aires ARG"]
[Date "2014.03.27"]
[Round "7.5"]
[White "Guzman, Paola"]
[Black "Sanchez Zambrano, Vanessa"]
[Result "0-1"]
[WhiteElo "1902"]
[BlackElo "1913"]
[EventDate "2014.03.21"]
[PlyCount "62"]

1.d4 Nf6 2.c4 g6 3.Nc3 Bg7 4.e4 d6 5.Nf3 O-O 6.Be2 Na6 7.O-O e5 8.d5 Nc5 
9.Nd2 a5 10.b3 Nfd7 11.a3 f5 12.Bb2 Nf6 13.f3 Bh6 14.b4 axb4 15.axb4 Rxa1 
16.Bxa1 Na6 17.Na2 c5 18.dxc6 Nxb4 19.c5 Nxc6 20.cxd6 Qxd6 21.Nb1 Qc5+ 22.
Kh1 Be6 23.Nac3 Rd8 24.Qa4 Nd4 25.Bb5 fxe4 26.fxe4 Ng4 27.Qa3 Qb6 28.h3 
Nxb5 29.Qb4 Nf2+ 30.Rxf2 Qxf2 31.Qxb5 Qe1+ 0-1